Role of newspapers of Kumaon in national movement 1871-1947 (Record no. 25072)
[ view plain ]
| 000 -LEADER | |
|---|---|
| fixed length control field | 00266nam a2200097Ia 4500 |
| 008 - FIXED-LENGTH DATA ELEMENTS--GENERAL INFORMATION | |
| fixed length control field | 190716s9999 xx 000 0 und d |
| 082 ## - CLASSIFICATION NUMBER | |
| Call Number | TJ-212# |
| 100 ## - AUTHOR NAME | |
| Author | Joshi, Anil Kumar |
| 245 #0 - TITLE STATEMENT | |
| Title | Role of newspapers of Kumaon in national movement 1871-1947 |
| 942 ## - ADDED ENTRY ELEMENTS (KOHA) | |
| Koha item type | Micro-Film |
| Withdrawn status | Circulation Status | Home library | Current library | Entry Date | Accession Number | Koha item type |
|---|---|---|---|---|---|---|
| NASSDOC Library | NASSDOC Library | 16/07/2019 | MF1409 | Micro-Film |
